| 000 | 00516nam a2200169 a 4500 | ||
|---|---|---|---|
| 001 | 000041643 | ||
| 005 | 20201002035701.0 | ||
| 008 | 131014s2005 dr c 000 0 spa d | ||
| 040 |
_aDO-SdBNP _bspa _cBNPHU |
||
| 041 | 1 | 7 |
_aspa _beng |
| 082 |
_axxx _bxxx |
||
| 100 | 1 |
_aOlivo, Hilario _933763 |
|
| 245 | 1 | 0 |
_aMemorias del alma / _cHilario Olivo, traducción, Geoffrey Needler. |
| 260 |
_aSanto Domingo, : _bFundación Global, _c2005. |
||
| 300 |
_a40 p. : _bretr. ; _c22 cm. |
||
| 700 | 1 |
_aNeedler, Geoffrey _etrad. _953517 |
|
| 999 |
_c41133 _d41133 |
||